[Event "Stay Safe Play From Home 288"]
[Site "Emanuel Lasker Arena"]
[Date "2020.07.08"]
[Round "5"]
[White "Greblah"]
[Black "Lazieri3"]
[Result "1/2-1/2"]
[WhiteElo "1997"]
[BlackElo "2076"]
[PlyCount "142"]
[EventDate "2020.07.08"]
[EventType "swiss (blitz)"]

1. e4 {[%emt 0:00:01]} c6 {[%emt 0:00:00]} 2. d4 {[%emt 0:00:02]} d5 {[%emt 0:00:00]} 3. exd5 {[%emt 0:00:01]} cxd5 {[%emt 0:00:00]} 4. Bd3 {[%emt 0:00:01]} Nc6 {[%emt 0:00:00]} 5. Ne2 {[%emt 0:00:01]} Nf6 {[%emt 0:00:01]} 6. c3 {[%emt 0:00:01]} Bg4 {[%emt 0:00:01]} 7. O-O {[%emt 0:00:02]} e6 {[%emt 0:00:01]} 8. Qe1 {[%emt 0:00:01]} Bd6 {[%emt 0:00:01]} 9. f3 {[%emt 0:00:05]} Bh5 {[%emt 0:00:01]} 10. Qh4 {[%emt 0:00:01]} Bg6 {[%emt 0:00:01]} 11. Bxg6 {[%emt 0:00:02]} fxg6 {[%emt 0:00:00]} 12. Nf4 {[%emt 0:00:11]} Qd7 {[%emt 0:00:06]} 13. Nxg6 {[%emt 0:00:06]} Rg8 {[%emt 0:00:08]} 14. Ne5 {[%emt 0:00:10]} Nxe5 {[%emt 0:00:14]} 15. dxe5 {[%emt 0:00:02]} Bxe5 {[%emt 0:00:00]} 16. Bf4 {[%emt 0:00:26]} Bxf4 {[%emt 0:00:32]} 17. Qxf4 {[%emt 0:00:01]} O-O-O {[%emt 0:00:02]} 18. Nd2 {[%emt 0:00:09]} Qd6 {[%emt 0:00:04]} 19. Qxd6 {[%emt 0:00:07]} Rxd6 {[%emt 0:00:00]} 20. Rfe1 {[%emt 0:00:01]} Re8 {[%emt 0:00:04]} 21. Rad1 {[%emt 0:00:10]} Rb6 {[%emt 0:00:25]} 22. Nb3 {[%emt 0:00:16]} e5 {[%emt 0:00:02]} 23. Rd2 {[%emt 0:00:13]} Rc6 {[%emt 0:00:32]} 24. Rde2 {[%emt 0:00:10]} Rce6 {[%emt 0:00:05]} 25. Nd4 {[%emt 0:00:14]} Rb6 {[%emt 0:00:23]} 26. Nb3 {[%emt 0:00:01]} e4 {[%emt 0:00:10]} 27. Nc5 {[%emt 0:00:17]} Rc6 {[%emt 0:00:17]} 28. Nb3 {[%emt 0:00:08]} g6 {[%emt 0:00:26]} 29. Nd4 {[%emt 0:00:03]} Rb6 {[%emt 0:00:04]} 30. b3 {[%emt 0:00:02]} a6 {[%emt 0:00:02]} 31. fxe4 {[%emt 0:00:18]} Rxe4 {[%emt 0:00:03]} 32. Rxe4 {[%emt 0:00:06]} Nxe4 {[%emt 0:00:05]} 33. c4 {[%emt 0:00:06]} Nc3 {[%emt 0:00:04]} 34. cxd5 {[%emt 0:00:17]} Nxa2 {[%emt 0:00:14]} 35. Re8+ {[%emt 0:00:03]} Kd7 {[%emt 0:00:01]} 36. Rh8 {[%emt 0:00:07]} Kd6 {[%emt 0:00:03]} 37. Rd8+ {[%emt 0:00:13]} Kc5 {[%emt 0:00:10]} 38. Ne6+ {[%emt 0:00:06]} Kb5 {[%emt 0:00:04]} 39. d6 {[%emt 0:00:01]} Nb4 {[%emt 0:00:09]} 40. Nd4+ {[%emt 0:00:09]} Kc5 {[%emt 0:00:02]} 41. Ne6+ {[%emt 0:00:03]} Kb5 {[%emt 0:00:06]} 42. Nc7+ {[%emt 0:00:02]} Kc6 {[%emt 0:00:02]} 43. Ne8 {[%emt 0:00:03]} Rb5 {[%emt 0:00:02]} 44. d7 {[%emt 0:00:01]} Rd5 {[%emt 0:00:01]} 45. Nf6 {[%emt 0:00:02]} Rd1+ {[%emt 0:00:03]} 46. Kf2 {[%emt 0:00:01]} Kb6 {[%emt 0:00:01]} 47. Rc8 {[%emt 0:00:02]} Rxd7 {[%emt 0:00:01]} 48. Nxd7+ {[%emt 0:00:01]} Ka7 {[%emt 0:00:02]} 49. Rh8 {[%emt 0:00:02]} Nd3+ {[%emt 0:00:01]} 50. Ke3 {[%emt 0:00:01]} Nc1 {[%emt 0:00:01]} 51. Rxh7 {[%emt 0:00:01]} Nxb3 {[%emt 0:00:00]} 52. Kd3 {[%emt 0:00:02]} a5 {[%emt 0:00:00]} 53. Kc4 {[%emt 0:00:01]} a4 {[%emt 0:00:00]} 54. Nc5 {[%emt 0:00:01]} Nd2+ {[%emt 0:00:01]} 55. Kb4 {[%emt 0:00:02]} Kb6 {[%emt 0:00:01]} 56. Rxb7+ {[%emt 0:00:01]} Kc6 {[%emt 0:00:00]} 57. Ra7 {[%emt 0:00:01]} Kd5 {[%emt 0:00:00]} 58. Rxa4 {[%emt 0:00:01]} Ke5 {[%emt 0:00:00]} 59. Ra5 {[%emt 0:00:01]} Ne4 {[%emt 0:00:00]} 60. Nxe4+ {[%emt 0:00:01]} Kf4 {[%emt 0:00:00]} 61. Rg5 {[%emt 0:00:01]} Ke3 {[%emt 0:00:00]} 62. Rxg6 {[%emt 0:00:01]} Kd4 {[%emt 0:00:00]} 63. h4 {[%emt 0:00:00]} Ke3 {[%emt 0:00:00]} 64. h5 {[%emt 0:00:00]} Kd4 {[%emt 0:00:00]} 65. h6 {[%emt 0:00:00]} Ke3 {[%emt 0:00:00]} 66. h7 {[%emt 0:00:00]} Kd4 {[%emt 0:00:00]} 67. h8=Q+ {[%emt 0:00:00]} Ke3 {[%emt 0:00:00]} 68. Qh4 {[%emt 0:00:00]} Kd3 {[%emt 0:00:00]} 69. Qg3+ {[%emt 0:00:01]} Kc2 {[%emt 0:00:00]} 70. Nd6 {[%emt 0:00:00]} Kb1 {[%emt 0:00:00]} 71. Rf6 {[%emt 0:00:00]} Ka2 {[%emt 0:00:00] Zeit (Lag: Av=0.56s, max=0.9s)} 1/2-1/2

[Event "Stay Safe Play From Home 288"]
[Site "Emanuel Lasker Arena"]
[Date "2020.07.08"]
[Round "5"]
[White "Sfantul321"]
[Black "Erdema"]
[Result "1-0"]
[WhiteElo "1993"]
[BlackElo "1486"]
[Annotator "NA"]
[PlyCount "45"]
[EventDate "2020.07.08"]
[EventType "swiss (blitz)"]

1. c4 {[%emt 0:00:02]} e5 {[%emt 0:00:05]} 2. Nc3 {[%emt 0:00:01]} Nf6 {[%emt 0:00:02]} 3. g3 {[%emt 0:00:00]} d5 {[%emt 0:00:02]} 4. cxd5 {[%emt 0:00:01]} Nxd5 {[%emt 0:00:01]} 5. Bg2 {[%emt 0:00:00]} Be6 {[%emt 0:00:02]} 6. a3 {[%emt 0:00:02]} Nc6 {[%emt 0:00:03]} 7. d3 {[%emt 0:00:02]} Bc5 {[%emt 0:00:03]} 8. Nf3 {[%emt 0:00:02]} a6 {[%emt 0:00:03]} 9. O-O {[%emt 0:00:01]} O-O {[%emt 0:00:02]} 10. Ng5 {[%emt 0:00:01]} Nxc3 {[%emt 0:00:04]} 11. bxc3 {[%emt 0:00:01]} Bd5 {[%emt 0:00:02]} 12. e4 {[%emt 0:00:02]} Be6 {[%emt 0:00:03]} 13. Nxe6 {[%emt 0:00:01]} fxe6 {[%emt 0:00:02]} 14. Qe2 {[%emt 0:00:09]} Qf6 {[%emt 0:00:04]} 15. Be3 {[%emt 0:00:03]} Bd6 {[%emt 0:00:06]} 16. a4 {[%emt 0:00:05]} b6 {[%emt 0:00:06]} 17. Rad1 {[%emt 0:00:08]} Na5 {[%emt 0:00:07]} 18. d4 {[%emt 0:00:02]} exd4 {[%emt 0:00:03]} 19. e5 {[%emt 0:00:08]} Bxe5 {[%emt 0:00:02]} 20. cxd4 {[%emt 0:00:01]} Bd6 {[%emt 0:00:04]} 21. Bxa8 {[%emt 0:00:02]} Rxa8 {[%emt 0:00:02]} 22. f4 {[%emt 0:00:02]} Nc6 {[%emt 0:00:09]} 23. Qf3 {[%emt 0:00:05] Erdema terk eder (Lag: Av=0.47s, max=0.5s)} 1-0

[Event "Stay Safe Play From Home 288"]
[Site "Emanuel Lasker Arena"]
[Date "2020.07.08"]
[Round "5"]
[White "Klasman"]
[Black "Haris kollari 13"]
[Result "0-1"]
[WhiteElo "1572"]
[BlackElo "1819"]
[Annotator "NA"]
[PlyCount "64"]
[EventDate "2020.07.08"]
[EventType "swiss (blitz)"]

1. f4 {[%emt 0:00:02]} b6 {[%emt 0:00:02]} 2. e4 {[%emt 0:00:02]} Bb7 {[%emt 0:00:01]} 3. Nc3 {[%emt 0:00:01]} g6 {[%emt 0:00:01]} 4. d4 {[%emt 0:00:01]} Bg7 {[%emt 0:00:01]} 5. Nf3 {[%emt 0:00:01]} Nf6 {[%emt 0:00:04]} 6. Bd3 {[%emt 0:00:02]} d5 {[%emt 0:00:02]} 7. e5 {[%emt 0:00:08]} Ne4 {[%emt 0:00:01]} 8. O-O {[%emt 0:00:09]} O-O {[%emt 0:00:02]} 9. Qe2 {[%emt 0:00:04]} Nxc3 {[%emt 0:00:03]} 10. bxc3 {[%emt 0:00:01]} Nd7 {[%emt 0:00:01]} 11. Ba3 {[%emt 0:00:03]} c5 {[%emt 0:00:06]} 12. e6 {[%emt 0:00:02]} Nf6 {[%emt 0:00:10]} 13. Ng5 {[%emt 0:00:13]} c4 {[%emt 0:00:12]} 14. Nxf7 {[%emt 0:00:23]} Qc7 {[%emt 0:00:08]} 15. Bxg6 {[%emt 0:00:47]} hxg6 {[%emt 0:00:02]} 16. f5 {[%emt 0:00:05]} gxf5 {[%emt 0:00:22]} 17. Rxf5 {[%emt 0:00:18]} Rxf7 {[%emt 0:00:01]} 18. exf7+ {[%emt 0:00:03]} Kxf7 {[%emt 0:00:01]} 19. Re5 {[%emt 0:00:12]} Ne4 {[%emt 0:00:08]} 20. Rf1+ {[%emt 0:00:15]} Kg8 {[%emt 0:00:15]} 21. Rxe7 {[%emt 0:00:14]} Qc6 {[%emt 0:00:03]} 22. Rff7 {[%emt 0:00:21]} Qg6 {[%emt 0:00:07]} 23. Rxb7 {[%emt 0:00:34]} Nxc3 {[%emt 0:00:01]} 24. Rxg7+ {[%emt 0:00:14]} Kh8 {[%emt 0:00:07]} 25. Qf3 {[%emt 0:00:26]} Qxg7 {[%emt 0:00:12]} 26. Rxg7 {[%emt 0:00:07]} Kxg7 {[%emt 0:00:01]} 27. Qxc3 {[%emt 0:00:02]} Re8 {[%emt 0:00:03]} 28. Qg3+ {[%emt 0:00:01]} Kf7 {[%emt 0:00:02]} 29. Qf4+ {[%emt 0:00:03]} Ke6 {[%emt 0:00:02]} 30. Qe5+ {[%emt 0:00:01]} Kd7 {[%emt 0:00:01]} 31. Qg7+ {[%emt 0:00:02]} Kc6 {[%emt 0:00:04]} 32. Qf6+ {[%emt 0:00:01]} Kb5 {[%emt 0:00:04] Time (Lag: Av=0.42s, max=0.8s)} 0-1

[Event "Stay Safe Play From Home 288"]
[Site "Emanuel Lasker Arena"]
[Date "2020.07.08"]
[Round "5"]
[White "Timbre"]
[Black "Dukic"]
[Result "0-1"]
[WhiteElo "1551"]
[BlackElo "1858"]
[Annotator "NA"]
[PlyCount "78"]
[EventDate "2020.07.08"]
[EventType "swiss (blitz)"]

1. d4 {[%emt 0:00:02]} c6 {[%emt 0:00:01]} 2. Nf3 {[%emt 0:00:01]} d6 {[%emt 0:00:01]} 3. c3 {[%emt 0:00:01]} Bg4 {[%emt 0:00:02]} 4. h3 {[%emt 0:00:05]} Bh5 {[%emt 0:00:02]} 5. Bg5 {[%emt 0:00:02]} Nd7 {[%emt 0:00:03]} 6. Bh4 {[%emt 0:00:02]} Nh6 {[%emt 0:00:03]} 7. e3 {[%emt 0:00:01]} Nf5 {[%emt 0:00:02]} 8. Bg3 {[%emt 0:00:02]} Nxg3 {[%emt 0:00:02]} 9. fxg3 {[%emt 0:00:01]} e5 {[%emt 0:00:05]} 10. Be2 {[%emt 0:00:03]} e4 {[%emt 0:00:04]} 11. Nfd2 {[%emt 0:00:07]} Bg6 {[%emt 0:00:13]} 12. O-O {[%emt 0:00:03]} d5 {[%emt 0:00:01]} 13. c4 {[%emt 0:00:04]} Qg5 {[%emt 0:00:05]} 14. Kh2 {[%emt 0:00:02]} Qxe3 {[%emt 0:00:02]} 15. cxd5 {[%emt 0:00:05]} cxd5 {[%emt 0:00:02]} 16. Bb5 {[%emt 0:00:05]} Bd6 {[%emt 0:00:08]} 17. Qe1 {[%emt 0:00:06]} Qg5 {[%emt 0:00:17]} 18. Bxd7+ {[%emt 0:00:05]} Kxd7 {[%emt 0:00:02]} 19. Nc3 {[%emt 0:00:03]} h5 {[%emt 0:00:05]} 20. h4 {[%emt 0:00:03]} Qxh4+ {[%emt 0:00:01]} 21. Kg1 {[%emt 0:00:01]} Bxg3 {[%emt 0:00:02]} 22. Qxg3 {[%emt 0:00:12]} Qxg3 {[%emt 0:00:02]} 23. Nxd5 {[%emt 0:00:02]} Rac8 {[%emt 0:00:15]} 24. Nb3 {[%emt 0:00:03]} Rc2 {[%emt 0:00:03]} 25. Nc5+ {[%emt 0:00:11]} Kc6 {[%emt 0:00:09]} 26. Nb4+ {[%emt 0:00:06]} Kb6 {[%emt 0:00:06]} 27. Nxc2 {[%emt 0:00:03]} f5 {[%emt 0:00:09]} 28. Na3 {[%emt 0:00:04]} f4 {[%emt 0:00:02]} 29. Nc4+ {[%emt 0:00:07]} Kc7 {[%emt 0:00:02]} 30. Ne6+ {[%emt 0:00:06]} Kb8 {[%emt 0:00:01]} 31. Nxf4 {[%emt 0:00:03]} Bf7 {[%emt 0:00:02]} 32. Ne5 {[%emt 0:00:10]} Be8 {[%emt 0:00:03]} 33. Rac1 {[%emt 0:00:08]} Qe3+ {[%emt 0:00:02]} 34. Kh1 {[%emt 0:00:04]} Qxd4 {[%emt 0:00:02]} 35. Neg6 {[%emt 0:00:09]} Bxg6 {[%emt 0:00:03]} 36. Nxg6 {[%emt 0:00:03]} Re8 {[%emt 0:00:05]} 37. Rc3 {[%emt 0:00:08]} e3 {[%emt 0:00:01]} 38. Re1 {[%emt 0:00:02]} e2 {[%emt 0:00:02]} 39. Rcc1 {[%emt 0:00:09]} Qe4 {[%emt 0:00:08] Timbre resigns (Lag: Av=0.30s, max=0.6s)} 0-1

[Event "Stay Safe Play From Home 288"]
[Site "Emanuel Lasker Arena"]
[Date "2020.07.08"]
[Round "5"]
[White "Justwatch"]
[Black "Mandy"]
[Result "0-1"]
[WhiteElo "1511"]
[BlackElo "968"]
[Annotator "NA"]
[PlyCount "29"]
[EventDate "2020.07.08"]
[EventType "swiss (blitz)"]

1. e4 {[%emt 0:00:02]} c6 {[%emt 0:00:02]} 2. e5 {[%emt 0:00:00]} e6 {[%emt 0:00:03]} 3. Nc3 {[%emt 0:00:00]} d5 {[%emt 0:00:01]} 4. Bb5 {[%emt 0:00:02]} Bd7 {[%emt 0:00:02]} 5. Nf3 {[%emt 0:00:02]} a6 {[%emt 0:00:01]} 6. Bxc6 {[%emt 0:00:01]} Nxc6 {[%emt 0:00:04]} 7. d3 {[%emt 0:00:01]} f5 {[%emt 0:00:06]} 8. Ng5 {[%emt 0:00:00]} Bc5 {[%emt 0:00:06]} 9. Qh5+ {[%emt 0:00:02]} g6 {[%emt 0:00:14]} 10. Qh4 {[%emt 0:00:02]} Nd4 {[%emt 0:00:16]} 11. Nge4 {[%emt 0:00:22]} Nxc2+ {[%emt 0:00:05]} 12. Kd2 {[%emt 0:00:01]} Nxa1 {[%emt 0:00:01]} 13. Qxd8+ {[%emt 0:00:02]} Rxd8 {[%emt 0:00:10]} 14. Nxc5 {[%emt 0:00:00]} Bc6 {[%emt 0:00:14]} 15. Nxe6 {[%emt 0:00:13] Justwatch terk eder (Lag: Av=0.48s, max=0.6s)} 0-1

[Event "Stay Safe Play From Home 288"]
[Site "Emanuel Lasker Arena"]
[Date "2020.07.08"]
[Round "6"]
[White "Lazieri3"]
[Black "Haris kollari 13"]
[Result "1-0"]
[WhiteElo "2072"]
[BlackElo "1826"]
[Annotator "NA"]
[PlyCount "145"]
[EventDate "2020.07.08"]
[EventType "swiss (blitz)"]

1. e4 {[%emt 0:00:01]} e6 {[%emt 0:00:01]} 2. e5 {[%emt 0:00:01]} d5 {[%emt 0:00:01]} 3. exd6 {[%emt 0:00:00]} cxd6 {[%emt 0:00:00]} 4. d4 {[%emt 0:00:00]} d5 {[%emt 0:00:01]} 5. c3 {[%emt 0:00:01]} Nc6 {[%emt 0:00:01]} 6. Bf4 {[%emt 0:00:01]} Bd6 {[%emt 0:00:02]} 7. Bxd6 {[%emt 0:00:01]} Qxd6 {[%emt 0:00:01]} 8. Nf3 {[%emt 0:00:00]} Bd7 {[%emt 0:00:01]} 9. Bd3 {[%emt 0:00:01]} Nge7 {[%emt 0:00:02]} 10. O-O {[%emt 0:00:01]} Ng6 {[%emt 0:00:02]} 11. Nbd2 {[%emt 0:00:02]} a6 {[%emt 0:00:02]} 12. Re1 {[%emt 0:00:01]} O-O {[%emt 0:00:05]} 13. g3 {[%emt 0:00:01]} f5 {[%emt 0:00:06]} 14. Nb3 {[%emt 0:00:05]} b6 {[%emt 0:00:02]} 15. Nbd2 {[%emt 0:00:09]} h6 {[%emt 0:00:02]} 16. Re2 {[%emt 0:00:18]} Rf6 {[%emt 0:00:02]} 17. Qf1 {[%emt 0:00:02]} b5 {[%emt 0:00:18]} 18. Rae1 {[%emt 0:00:02]} Re8 {[%emt 0:00:19]} 19. Ne5 {[%emt 0:00:01]} Bc8 {[%emt 0:00:03]} 20. f4 {[%emt 0:00:06]} Nge7 {[%emt 0:00:16]} 21. Qh3 {[%emt 0:00:08]} Rff8 {[%emt 0:00:16]} 22. Ndf3 {[%emt 0:00:11]} b4 {[%emt 0:00:07]} 23. Qh5 {[%emt 0:00:14]} bxc3 {[%emt 0:00:03]} 24. bxc3 {[%emt 0:00:01]} Qa3 {[%emt 0:00:10]} 25. Rc2 {[%emt 0:00:29]} Rd8 {[%emt 0:00:12]} 26. g4 {[%emt 0:00:37]} fxg4 {[%emt 0:00:07]} 27. Qxg4 {[%emt 0:00:04]} Nxe5 {[%emt 0:00:01]} 28. Nxe5 {[%emt 0:00:08]} Nf5 {[%emt 0:00:14]} 29. Rg2 {[%emt 0:00:26]} Qe7 {[%emt 0:00:06]} 30. Ng6 {[%emt 0:00:02]} Qd7 {[%emt 0:00:17]} 31. Nxf8 {[%emt 0:00:04]} Rxf8 {[%emt 0:00:02]} 32. Qg6 {[%emt 0:00:14]} Rf6 {[%emt 0:00:04]} 33. Qg4 {[%emt 0:00:04]} Kh7 {[%emt 0:00:16]} 34. Kh1 {[%emt 0:00:05]} Qf7 {[%emt 0:00:06]} 35. Reg1 {[%emt 0:00:03]} g6 {[%emt 0:00:08]} 36. Bxf5 {[%emt 0:00:07]} exf5 {[%emt 0:00:01]} 37. Qf3 {[%emt 0:00:04]} Qc7 {[%emt 0:00:14]} 38. Re2 {[%emt 0:00:05]} Be6 {[%emt 0:00:02]} 39. Rge1 {[%emt 0:00:02]} Bf7 {[%emt 0:00:02]} 40. Re7 {[%emt 0:00:01]} Qc6 {[%emt 0:00:05]} 41. Kg2 {[%emt 0:00:02]} Kg7 {[%emt 0:00:04]} 42. R1e2 {[%emt 0:00:01]} Kg8 {[%emt 0:00:06]} 43. Qe3 {[%emt 0:00:01]} g5 {[%emt 0:00:07]} 44. fxg5 {[%emt 0:00:03]} hxg5 {[%emt 0:00:01]} 45. Qe5 {[%emt 0:00:01]} f4 {[%emt 0:00:05]} 46. Qb8+ {[%emt 0:00:04]} Kg7 {[%emt 0:00:02]} 47. Qe5 {[%emt 0:00:02]} f3+ {[%emt 0:00:01]} 48. Kg3 {[%emt 0:00:02]} fxe2 {[%emt 0:00:01]} 49. Qxe2 {[%emt 0:00:02]} Qd6+ {[%emt 0:00:02]} 50. Kg2 {[%emt 0:00:01]} Qf4 {[%emt 0:00:03]} 51. Qe3 {[%emt 0:00:03]} Qf1+ {[%emt 0:00:04]} 52. Kg3 {[%emt 0:00:00]} g4 {[%emt 0:00:05]} 53. Qg5+ {[%emt 0:00:02]} Rg6 {[%emt 0:00:03]} 54. Qe5+ {[%emt 0:00:01]} Qf6 {[%emt 0:00:01]} 55. Qxf6+ {[%emt 0:00:01]} Kxf6 {[%emt 0:00:01]} 56. Ra7 {[%emt 0:00:01]} Be6 {[%emt 0:00:01]} 57. Rxa6 {[%emt 0:00:01]} Kf5 {[%emt 0:00:00]} 58. Ra8 {[%emt 0:00:01]} Ke4 {[%emt 0:00:01]} 59. Rf8 {[%emt 0:00:01]} Kd3 {[%emt 0:00:01]} 60. a4 {[%emt 0:00:02]} Kxc3 {[%emt 0:00:01]} 61. a5 {[%emt 0:00:00]} Kxd4 {[%emt 0:00:01]} 62. a6 {[%emt 0:00:00]} Bd7 {[%emt 0:00:03]} 63. a7 {[%emt 0:00:01]} Ra6 {[%emt 0:00:00]} 64. a8=Q {[%emt 0:00:00]} Rxa8 {[%emt 0:00:00]} 65. Rxa8 {[%emt 0:00:00]} Bf5 {[%emt 0:00:00]} 66. Ra4+ {[%emt 0:00:01]} Ke5 {[%emt 0:00:01]} 67. Rf4 {[%emt 0:00:00]} Be4 {[%emt 0:00:01]} 68. Rf1 {[%emt 0:00:00]} d4 {[%emt 0:00:00]} 69. Kxg4 {[%emt 0:00:00]} d3 {[%emt 0:00:01]} 70. Rd1 {[%emt 0:00:01]} Kd4 {[%emt 0:00:00]} 71. Kf4 {[%emt 0:00:00]} Bg6 {[%emt 0:00:03]} 72. h4 {[%emt 0:00:01]} Kc3 {[%emt 0:00:01]} 73. Ke3 {[%emt 0:00:01] Time ' (Lag: Av=0.51s, max=0.8s)} 1-0

[Event "Stay Safe Play From Home 288"]
[Site "Emanuel Lasker Arena"]
[Date "2020.07.08"]
[Round "6"]
[White "Position"]
[Black "Sfantul321"]
[Result "0-1"]
[WhiteElo "2037"]
[BlackElo "1994"]
[Annotator "NA"]
[PlyCount "130"]
[EventDate "2020.07.08"]
[EventType "swiss (blitz)"]

1. e4 {[%emt 0:00:02]} g6 {[%emt 0:00:02]} 2. d4 {[%emt 0:00:01]} d6 {[%emt 0:00:01]} 3. Nf3 {[%emt 0:00:01]} Bg7 {[%emt 0:00:01]} 4. h3 {[%emt 0:00:01]} Nf6 {[%emt 0:00:01]} 5. Bd3 {[%emt 0:00:01]} O-O {[%emt 0:00:01]} 6. O-O {[%emt 0:00:01]} Nc6 {[%emt 0:00:02]} 7. c3 {[%emt 0:00:01]} e5 {[%emt 0:00:02]} 8. Nbd2 {[%emt 0:00:02]} exd4 {[%emt 0:00:02]} 9. cxd4 {[%emt 0:00:01]} Re8 {[%emt 0:00:01]} 10. Re1 {[%emt 0:00:01]} h6 {[%emt 0:00:01]} 11. Nf1 {[%emt 0:00:02]} a6 {[%emt 0:00:02]} 12. Bd2 {[%emt 0:00:01]} b5 {[%emt 0:00:01]} 13. Qc1 {[%emt 0:00:02]} Bb7 {[%emt 0:00:05]} 14. Bxh6 {[%emt 0:00:02]} Nb4 {[%emt 0:00:05]} 15. Bb1 {[%emt 0:00:09]} Bxe4 {[%emt 0:00:08]} 16. Bxe4 {[%emt 0:00:09]} Nxe4 {[%emt 0:00:01]} 17. Bxg7 {[%emt 0:00:02]} Kxg7 {[%emt 0:00:01]} 18. Re3 {[%emt 0:00:10]} Nd5 {[%emt 0:00:04]} 19. Re1 {[%emt 0:00:05]} Nb4 {[%emt 0:00:02] Sfantul321 offers a draw} 20. Qb1 {[%emt 0:00:15]} f5 {[%emt 0:00:05]} 21. a3 {[%emt 0:00:02]} Nd5 {[%emt 0:00:02]} 22. Qc2 {[%emt 0:00:03]} Rc8 {[%emt 0:00:05]} 23. Qc6 {[%emt 0:00:03]} Nb6 {[%emt 0:00:14]} 24. N1d2 {[%emt 0:00:02]} d5 {[%emt 0:00:08]} 25. Nxe4 {[%emt 0:00:06]} dxe4 {[%emt 0:00:05]} 26. Ne5 {[%emt 0:00:02]} Qd6 {[%emt 0:00:07]} 27. Qc3 {[%emt 0:00:09]} Nd5 {[%emt 0:00:03]} 28. Qg3 {[%emt 0:00:02]} Ne7 {[%emt 0:00:12]} 29. Rad1 {[%emt 0:00:04]} Nd5 {[%emt 0:00:02]} 30. h4 {[%emt 0:00:07]} f4 {[%emt 0:00:05]} 31. Qg4 {[%emt 0:00:04]} e3 {[%emt 0:00:01]} 32. f3 {[%emt 0:00:10] Sfantul321 offers a draw} c5 {[%emt 0:00:07]} 33. h5 {[%emt 0:00:03]} cxd4 {[%emt 0:00:02]} 34. Nxg6 {[%emt 0:00:01]} Nf6 {[%emt 0:00:21]} 35. Qg5 {[%emt 0:00:04]} Kf7 {[%emt 0:00:10] Sfantul321 offers a draw} 36. Nxf4 {[%emt 0:00:17]} Rg8 {[%emt 0:00:02]} 37. Ng6 {[%emt 0:00:16]} Nxh5 {[%emt 0:00:07]} 38. Ne5+ {[%emt 0:00:08]} Ke6 {[%emt 0:00:01]} 39. Qxh5 {[%emt 0:00:16]} Qxe5 {[%emt 0:00:01]} 40. Qh4 {[%emt 0:00:09]} Rc2 {[%emt 0:00:21]} 41. Qh6+ {[%emt 0:00:11]} Qf6 {[%emt 0:00:14]} 42. Rxe3+ {[%emt 0:00:03]} Kf7 {[%emt 0:00:32]} 43. Qh7+ {[%emt 0:00:04]} Rg7 {[%emt 0:00:02]} 44. Qxc2 {[%emt 0:00:06]} dxe3 {[%emt 0:00:00]} 45. Rd7+ {[%emt 0:00:06]} Kg8 {[%emt 0:00:01]} 46. Qc8+ {[%emt 0:00:06]} Kh7 {[%emt 0:00:05]} 47. Rd8 {[%emt 0:00:01]} Qb6 {[%emt 0:00:14]} 48. Rh8+ {[%emt 0:00:10]} Kg6 {[%emt 0:00:01]} 49. Qh3 {[%emt 0:00:05]} e2+ {[%emt 0:00:13]} 50. Kh2 {[%emt 0:00:02]} Qc7+ {[%emt 0:00:03]} 51. g3 {[%emt 0:00:04]} e1=Q {[%emt 0:00:01]} 52. Qh5+ {[%emt 0:00:10]} Kf6 {[%emt 0:00:02]} 53. Rf8+ {[%emt 0:00:02]} Rf7 {[%emt 0:00:01]} 54. Qh8+ {[%emt 0:00:07]} Ke6 {[%emt 0:00:08]} 55. Re8+ {[%emt 0:00:02]} Re7 {[%emt 0:00:01]} 56. Qh3+ {[%emt 0:00:09]} Kd6 {[%emt 0:00:01]} 57. Qh6+ {[%emt 0:00:06]} Qe6 {[%emt 0:00:01]} 58. Qd2+ {[%emt 0:00:03]} Kc6 {[%emt 0:00:01]} 59. Qc3+ {[%emt 0:00:01]} Kb7 {[%emt 0:00:01]} 60. Rh8 {[%emt 0:00:02]} Qe2+ {[%emt 0:00:03]} 61. Kh3 {[%emt 0:00:01]} Qxc3 {[%emt 0:00:01]} 62. bxc3 {[%emt 0:00:00]} Qf1+ {[%emt 0:00:01]} 63. Kg4 {[%emt 0:00:01]} Rg7+ {[%emt 0:00:01]} 64. Kf5 {[%emt 0:00:01]} Qc4 {[%emt 0:00:02]} 65. Kf6 {[%emt 0:00:02]} Qxc3+ {[%emt 0:00:01] Time (Lag: Av=0.84s, max=4.7s)} 0-1

[Event "Stay Safe Play From Home 288"]
[Site "Emanuel Lasker Arena"]
[Date "2020.07.08"]
[Round "6"]
[White "Dukic"]
[Black "Greblah"]
[Result "1-0"]
[WhiteElo "1863"]
[BlackElo "2001"]
[PlyCount "81"]
[EventDate "2020.07.08"]
[EventType "swiss (blitz)"]

1. c4 {[%emt 0:00:03]} c6 {[%emt 0:00:00]} 2. Nc3 {[%emt 0:00:02]} d5 {[%emt 0:00:00]} 3. cxd5 {[%emt 0:00:01]} cxd5 {[%emt 0:00:01]} 4. d4 {[%emt 0:00:00]} e5 {[%emt 0:00:01]} 5. Nf3 {[%emt 0:00:10]} e4 {[%emt 0:00:03]} 6. Nd2 {[%emt 0:00:03]} Nf6 {[%emt 0:00:03]} 7. Nb3 {[%emt 0:00:02]} Be7 {[%emt 0:00:04]} 8. Bg5 {[%emt 0:00:01]} O-O {[%emt 0:00:01]} 9. e3 {[%emt 0:00:01]} Bg4 {[%emt 0:00:12]} 10. Qd2 {[%emt 0:00:04]} Nc6 {[%emt 0:00:07]} 11. Rc1 {[%emt 0:00:02]} a6 {[%emt 0:00:15]} 12. a3 {[%emt 0:00:06]} Qb6 {[%emt 0:00:09]} 13. Nc5 {[%emt 0:00:03]} Bxc5 {[%emt 0:00:06]} 14. dxc5 {[%emt 0:00:02]} Qxc5 {[%emt 0:00:33]} 15. Bxf6 {[%emt 0:00:23]} gxf6 {[%emt 0:00:01]} 16. Nxd5 {[%emt 0:00:01]} Qd6 {[%emt 0:00:12]} 17. Nc3 {[%emt 0:00:51]} Qxd2+ {[%emt 0:00:11]} 18. Kxd2 {[%emt 0:00:01]} Rfd8+ {[%emt 0:00:01]} 19. Kc2 {[%emt 0:00:02]} f5 {[%emt 0:00:04]} 20. Bc4 {[%emt 0:00:03]} Ne5 {[%emt 0:00:03]} 21. Bd5 {[%emt 0:00:10]} Nd3 {[%emt 0:00:08]} 22. Rcf1 {[%emt 0:00:06]} Be2 {[%emt 0:01:12]} 23. Nxe2 {[%emt 0:00:11]} Rxd5 {[%emt 0:00:03]} 24. Nc3 {[%emt 0:00:01]} Rc5 {[%emt 0:00:03]} 25. f3 {[%emt 0:00:02]} b5 {[%emt 0:00:07]} 26. fxe4 {[%emt 0:00:02]} fxe4 {[%emt 0:00:02]} 27. Kb1 {[%emt 0:00:07]} f5 {[%emt 0:00:05]} 28. g4 {[%emt 0:00:05]} fxg4 {[%emt 0:00:05]} 29. Nxe4 {[%emt 0:00:01]} Re5 {[%emt 0:00:12]} 30. Nf6+ {[%emt 0:00:03]} Kg7 {[%emt 0:00:01]} 31. Nxg4 {[%emt 0:00:02]} Re4 {[%emt 0:00:01]} 32. Rhg1 {[%emt 0:00:02]} Kh8 {[%emt 0:00:05]} 33. Nh6 {[%emt 0:00:07]} Ne5 {[%emt 0:00:08]} 34. Rf5 {[%emt 0:00:05]} Ng6 {[%emt 0:00:10]} 35. Nf7+ {[%emt 0:00:11]} Kg7 {[%emt 0:00:01]} 36. Nd6 {[%emt 0:00:08]} Rxe3 {[%emt 0:00:02]} 37. Rf7+ {[%emt 0:00:01]} Kh6 {[%emt 0:00:01]} 38. Nf5+ {[%emt 0:00:03]} Kh5 {[%emt 0:00:01]} 39. Nxe3 {[%emt 0:00:02]} Re8 {[%emt 0:00:00]} 40. Nf5 {[%emt 0:00:02]} h6 {[%emt 0:00:02]} 41. Ng7+ {[%emt 0:00:03] Greblah gibt auf (Lag: Av=0.29s, max=0.4s)} 1-0